header

Science and the building of a new Japan (Record no. 85074)

MARC details
000 -LEADER
fixed length control field 01447nam a2200373Ia 4500
082 04 - DEWEY DECIMAL CLASSIFICATION NUMBER
Classification number 338.952/06
100 1# - MAIN ENTRY--AUTHOR NAME
Personal name Low, Morris.
245 10 - TITLE STATEMENT
Title Science and the building of a new Japan
250 ## - EDITION STATEMENT
Edition statement 1st ed.
260 ## - PUBLICATION, DISTRIBUTION, ETC. (IMPRINT)
Place of publication New York :
Name of publisher Palgrave Macmillan,
Year of publication 2005.
300 ## - PHYSICAL DESCRIPTION
Number of Pages xiv, 259 p. :
Other physical details ill.
490 1# - SERIES STATEMENT
Series statement Studies of the Weatherhead East Asian Institute, Columbia University
650 #0 - SUBJECT ADDED ENTRY--TOPICAL TERM
Topical Term Science and state
Topical Term Research, Industrial
Topical Term Physicists
856 40 - ELECTRONIC LOCATION AND ACCESS
Uniform Resource Identifier http://site.ebrary.com/lib/rucke/Doc?id=10135425

No items available.

© 2026 Rongo University
Contact us: librarian | system librarian | Rongo university